Click the Velvet Underground Song Title Ending - Statistics

General Stats
  • This quiz has been taken 182 times
  • The average score is 19 of 25
Answer Stats
Hint Answer % Correct
Femme Fatale
98%
Walk On the Wild Side
98%
Rock & Roll
97%
Pale Blue Eyes
95%
Sunday Morning
92%
After Hours
86%
Perfect Day
85%
Venus in Furs
85%
Nobody But You
85%
Here She Comes Now
84%
Satellite of Love
82%
I'm Waiting For The Man
82%
All Tomorrow's Parties
82%
White Light/White Heat
78%
I'm Set Free
75%
Sweet Jane
75%
Who Loves the Sun
73%
I'll Be Your Mirror
68%
Spinning Away
67%
Oh! Sweet Nuthin'
65%
Candy Says
62%
Paris 1919
58%
Charley's Girl
58%
Sister Ray
56%
Dirty Blvd.
41%
No matching quizzes found
Score Distribution
Percent of People with Each Score
Percentile by Number Answered
Your Score History
You have not taken this quiz